| 000 | 00550nam a2200217 a 4500 | ||
|---|---|---|---|
| 001 | BRCA_4003 | ||
| 005 | 20190320204517.0 | ||
| 008 | 160110s1960----nyu#######---#000-0#eng-# | ||
| 041 | _aeng | ||
| 044 | _anyu | ||
| 050 | 4 |
_aPZ3 _b.F47 1960 |
|
| 100 | 1 |
_aFerrars, E. X. _910408 |
|
| 245 | 1 | 0 |
_aSleeping Dogs _cE. X. Ferrars. |
| 260 |
_aGarden City, Nueva York _bDoubleday _c1960 |
||
| 300 |
_a189 p. _c21 cm. |
||
| 440 | 0 |
_aA crime club selection _9876 |
|
| 500 | _aCEF13 | ||
| 650 | 1 | 4 |
_aNovelas policĂacas _9877 |
| 902 | _aGFM | ||
| 942 |
_2lcc _cB |
||
| 999 |
_c3729 _d3729 |
||